000 00768nas a2200241 4500
001 BR0810581
003 BR-BrBNA
005 20231205112949.0
007 ta
008 230509b bl.|||p| |||| 00| 00por d
040 _aBR-BrBNA
_bpor
_cBiblioteca Nacional de Agricultura
041 _a(Pt)
072 _aE13; E40
100 1 _aBialoskorski Neto, S.
245 1 _aIncentivos contratuais e eficiência: o caso da nova geração de cooperativas
650 _aCONTRATO
650 _aCOOPERATIVISMO
650 _aCUSTO DE PRODUÇÃO
650 _aDIREITO AGRÁRIO
773 0 _tRevista de Economia e Sociologia Rural (Brazil)
_xISSN 0103-2003
_g(Oct-Dec 2000), v. 38(4) p. 109-127
_wBR0810581
909 _a202311
_bLúcia
_c55
_dLúcia Elande
942 _2AGRIS
_n0
_cANA
999 _c201054
_d201054